Personnage Disney et Pixar - Statistiques

Statistiques générales
  • Ce quiz a été pris 507 fois
  • Le résultat moyen est 10 sur 16
Statistiques - réponses
Par images Réponse % Correct
Mulan
99%
Dumbo
98%
Cruella
95%
Timon
86%
Gepetto
80%
Andy
74%
Sven
74%
Arlo
72%
Javotte
60%
Linguini
50%
Buzz l'éclair
48%
Doug
45%
Coco Lapin
39%
Judy Hopps
34%
Imelda
26%
Couette
11%
Aucun quiz correspondant
Distribution des résultats
% des personnes avec chaque résultat
Percentile par nombre de réponses
Votre historique - résultats
Vous n’avez pas pris ce quiz